Manantiales, ríos, pueblos y haciendas : (Record no. 54612)

MARC details
000 -LEADER
fixed length control field 00817cam a2200193 4500
008 - FIXED-LENGTH DATA ELEMENTS--GENERAL INFORMATION
fixed length control field 070124s1998 mx 000 0 spa u
020 ## - INTERNATIONAL STANDARD BOOK NUMBER
International Standard Book Number 968496322X
245 00 - TITLE STATEMENT
Title Manantiales, ríos, pueblos y haciendas :
Remainder of title dos documentos sobre conflictos por aguas en Oaxtepec y en el valle de Cuernavaca
Designation of section section/part/series: (SE) [OBSOLETE] (1795-1807) /
Statement of responsibility, etc Brígida von Mentz, R. Marcela Pérez López, comps.
250 ## - EDITION STATEMENT
Edition statement 1a ed.
260 ## - PUBLICATION, DISTRIBUTION, ETC. (IMPRINT)
Place of publication, distribution, etc México :
Name of publisher, distributor, etc Centro de Investigaciones y Estudios Superiores en Antropología Social,
Date of publication, distribution, etc 1998
300 ## - PHYSICAL DESCRIPTION
Extent 263 p.;
Dimensions 16 cm.
440 #0 - SERIES STATEMENT/ADDED ENTRY--TITLE
Title Biblioteca del Agua
650 #4 - SUBJECT ADDED ENTRY--TOPICAL TERM
Topical term or geographic name as entry element Tecnología Ambiental
650 #7 - SUBJECT ADDED ENTRY--TOPICAL TERM
Topical term or geographic name as entry element Educación Ambiental
Geographic subdivision México
Source of heading or term Lemb
710 2# - ADDED ENTRY--CORPORATE NAME
Corporate name or jurisdiction name as entry element Centro de Investigaciones y Estudios Superiores en Antropología Social
942 ## - ADDED ENTRY ELEMENTS (KOHA)
Source of classification or shelving scheme Biblioteca del Cogreso de los Estados Unidos
Koha item type Libro
Holdings
Estado de pérdida Fuente de clasificación Estado del daño No para préstamo Ubicación permanente Ubicación actual Apartado o colección Fecha de adquisición Edición Dependencia de educación superior (DES) Área del conocimiento Clasificación Código de Barras Date last seen Número de copia Tipo de recurso
  Biblioteca del Cogreso de los Estados Unidos   Ejemplar único Biblioteca de la Facultad de Biología Biblioteca de la Facultad de Biología General 30/06/2015 1a. ed. Ciencias Biológicas y Agropecuarias Ciencias Naturales y Exactas HD1696.M64 O28 1998 BFB000002283 30/06/2015 C:1 Libro